Jihoafrická republika: Nový donor

Bibliographic Details
Main Author: Piknerová, Linda, 1983- (Author)
Format: Article
Language:Czech
PhysicalDescription:Schéma, tab.
ISSN:0323-1844
Subjects:

MARC

LEADER 00000nab a2200000 a 4500
001 vtls010586504
003 SK-MaSNL
005 20260304045529.0
008 140331 2014 xo q p 000 0 cze
015 |a SNBRB2014/03  |2 lmaosk 
040 |a LMAOSK  |b slo  |c LMAOSK  |e AACR2 
041 0 |a cze 
044 |a xo  |c SK 
080 |a 327  |2 2001 
080 |a 355.02  |2 2001 
080 |a 339.96  |2 2001 
080 |a (680)  |2 2001 
080 |a (046)  |2 2001 
100 1 |a Piknerová, Linda,  |d 1983-  |4 aut  |9 151317 
245 1 0 |a Jihoafrická republika: Nový donor  |c Linda Piknerová 
300 |b Schéma, tab. 
504 |a Bibliogr. odkazy 
650 0 7 |a medzinárodné vzťahy  |x noví donori  |2 SNKPH  |9 1329976 
650 0 7 |a bezpečnostná politika  |2 SNKPH  |9 1647 
650 0 7 |a rozvojová pomoc  |2 SNKPH  |9 2353 
651 7 |a Južná Afrika  |2 SNKPHgeo  |9 165790 
655 7 |a články  |2 SNKPH  |9 70601 
773 0 |t Mezinárodní vztahy  |g Roč. 49, č. 1 (2014), s. 59-82  |x 0323-1844 
852 |a LMAOSK  |b KIS3GCP 
958 |a NB 
999 |c 2692913  |d 2694843